| 000 | 01256nam0a2200313 4500 | ||
|---|---|---|---|
| 001 | RU\NLR\BIBL_A\010815436 | ||
| 005 | 20260407071554.0 | ||
| 010 |
_a978-5-699-77867-6 _95000 |
||
| 021 |
_aRU _b2015-49277 _92923 |
||
| 035 | _a(NLR Aleph) 010815436 | ||
| 035 | _a(NILC)RuMoRGB-007970617 | ||
| 090 |
_a10221858 _c10221858 |
||
| 100 | _a20150811d2015 |||y0rusy50 ca | ||
| 101 | 0 | _arus | |
| 102 | _aRU | ||
| 105 | _aa g 000yy | ||
| 200 | 1 |
_aГеоргины для цветника и букета _e[сорта, посадка, уход, размножение, защита] _fАнна Белякова |
|
| 210 |
_aМосква _cЭксмо _d2015 |
||
| 215 |
_a30, [1] с. _cцв. ил. _d20 |
||
| 225 | 1 | _a33 урожая | |
| 333 | _a12+ | ||
| 606 | 1 |
_aГеоргины _jПопулярные издания _xКультура на приусадебных участках _92243742 _3RU\NLR\AUTH\661346207 |
|
| 686 | 1 | _aП274.9георгины-4я9 | |
| 700 | 1 |
_7ca _8rus _aБелякова _bА. В. _cспециалист по приусадебному хоз-ву _gАнна Владимировна _3RU\NLR\AUTH\770281096 _92653063 |
|
| 942 | _cBOOK | ||
| 980 | _aNBR | ||
| 980 | _aNB | ||